00684nam a22001937a 4500003000900000005001700009007000300026008004100029040003000070041000800100082003200108110005300140245012700193264005600320300002700376336002700403337003200430338002800462DO-SdBNP20260415110334.0ta260415b2012 dr ||||| |||| 00| 0 spa d aDO-SdBNPbspacBNPHUerda aspa 4a342.729302bR426co 20122221 aRepùblica Dominicana.bTribunal Constitucional10aConstituciòn de la República Dominicana :bproclamada el 26 de Enero de 2010. Publicada en la Gaceta Oficial No. 10561 1aSanto Domingo :bImpresión Soto Castillo, c2012. a127 páginas :c23 cm atextobtxt2rdacontent asinmediaciónbn2rdamedia avolumenbnc2rdacarrier